Teória účtov
Salvato in:
| Autore principale: | |
|---|---|
| Ente Autore: | |
| Altri autori: | , |
| Natura: | Libro |
| Lingua: | slovacco |
| Pubblicazione: |
Bratislava
Vydavateľstvo EKONÓM
2009
|
| Soggetti: | |
| Tags: |
Nessun Tag, puoi essere il primo ad aggiungerne!!
|
MARC
| LEADER | 00000nam$a2200000$$$4500 | ||
|---|---|---|---|
| 001 | 0098584 | ||
| 005 | 20240502072104.7 | ||
| 020 | |a 978-80-225-2763-7 | ||
| 041 | 0 | |a slo | |
| 044 | |a SK | ||
| 245 | 1 | 0 | |a Teória účtov |c Renáta Feketeová |
| 264 | 1 | |a Bratislava |b Vydavateľstvo EKONÓM |c 2009 | |
| 300 | |a 78 s. | ||
| 610 | 2 | 0 | |a účtovníctvo |
| 610 | 2 | 0 | |a účty |
| 610 | 2 | 0 | |a teória účtovníctva |
| 610 | 2 | 0 | |a vývoj |
| 610 | 2 | 0 | |a evidencia hospodárska |
| 610 | 2 | 0 | |a systémy informačné |
| 100 | 1 | |a Feketeová, Renáta, 1974- | |
| 700 | 1 | |a Janhuba, Miloslav | |
| 700 | 1 | |a Šlosárová, Anna | |
| 710 | 2 | |a Ekonomická univerzita v Bratislave. Fakulta hospodárskej informatiky | |